000 00446nam a2200181Ia 4500
001 9129
005 20260306160700.0
008 260306t2016||||xx |||||||||||||| ||spa||
041 _aESP
082 _a372.84
_bZ932
100 _aZeca, Frei
_eAUT
245 0 _aPequeños angelitos en oración:
_blos niños hablan con Dios
260 _c2016
300 _a64 páginas :
_c19 cm.
650 _aGEN
654 _aCED
942 _cLIB
_dJUS
_fJUS
_2ddc
_n
999 _c9129
_d9129